[Event "Bochum-ch"]
[Site "Bochum"]
[Date "1998.11.30"]
[Round "7"]
[White "Ebersbach, Hans Joachim"]
[Black "Riefenstahl, Holger"]
[Result "0-1"]
[WhiteElo "1571"]
[BlackElo "1598"]
[PlyCount "70"]
[EventDate "1998.10.19"]
[EventType "swiss"]
[EventRounds "7"]
[EventCountry "GER"]
[SourceTitle "EXT 2006"]
[Source "ChessBase"]
[SourceDate "2005.11.24"]
[SourceVersion "1"]
[SourceVersionDate "2005.11.24"]
[SourceQuality "1"]

1. e4 e5 2. Nf3 Nc6 3. Bc4 Nf6 4. d3 Be7 5. 0-0 0-0 6. Nc3 d6 7. h3 Na5 8. Bb3 Nxb3 9. axb3 Be6 10. d4 exd4 11. Nxd4 Bd7 12. f4 Ne8 13. Be3 g6 14. Nf3 Ng7 15. Nd5 Re8 16. Nxe7+ Qxe7 17. Nd2 f5 18. e5 dxe5 19. fxe5 Qxe5 20. Nc4 Qe7 21. Re1 Bc6 22. Bf2 Qg5 23. Rxe8+ Rxe8 24. g3 Nh5 25. h4 Qe7 26. Qd4 Rd8 27. Qe5 Qxe5 28. Nxe5 Be4 29. c3 Rd2 30. Kf1 a6 31. g4 Nf4 32. Be3 Rh2 33. Ra4 Nd3 34. Nxd3 Bxd3+ 35. Ke1 Re2+ 0-1

[Event "Bochum-ch"]
[Site "Bochum"]
[Date "1998.10.26"]
[Round "2"]
[White "Jellinghaus, Lars"]
[Black "Ebersbach, Hans Joachim"]
[Result "1-0"]
[WhiteElo "2244"]
[BlackElo "1571"]
[PlyCount "45"]
[EventDate "1998.10.19"]
[EventType "swiss"]
[EventRounds "7"]
[EventCountry "GER"]
[SourceTitle "EXT 2006"]
[Source "ChessBase"]
[SourceDate "2005.11.24"]
[SourceVersion "1"]
[SourceVersionDate "2005.11.24"]
[SourceQuality "1"]

1. d4 d5 2. c4 e6 3. Nc3 c5 4. e3 Nc6 5. Nf3 Nf6 6. a3 b6 7. dxc5 Bxc5 8. cxd5 exd5 9. Bb5 Bb7 10. b4 Be7 11. Nd4 Qd7 12. Bb2 a6 13. Bxc6 Bxc6 14. 0-0 Bb7 15. Qd3 0-0 16. Nf5 Bd8 17. Rfd1 Rc8 18. e4 Bc7 19. Nxd5 Bxd5 20. exd5 Bd6 21. Qh3 Kh8 22. Bxf6 gxf6 23. Rd4 1-0

[Event "Bochum-ch"]
[Site "Bochum"]
[Date "1998.10.19"]
[Round "1"]
[White "Ebersbach, Hans Joachim"]
[Black "Boemelburg, Hans Juergen"]
[Result "1/2-1/2"]
[WhiteElo "1571"]
[BlackElo "1850"]
[PlyCount "106"]
[EventDate "1998.10.19"]
[EventType "swiss"]
[EventRounds "7"]
[EventCountry "GER"]
[SourceTitle "EXT 2006"]
[Source "ChessBase"]
[SourceDate "2005.11.24"]
[SourceVersion "1"]
[SourceVersionDate "2005.11.24"]
[SourceQuality "1"]

1. e4 d5 2. exd5 Qxd5 3. Nc3 Qa5 4. d4 Nf6 5. Nf3 Bf5 6. Bd2 c6 7. Bc4 e6 8. 0-0 Be7 9. Re1 0-0 10. Nd5 Qd8 11. Nxe7+ Qxe7 12. a3 Rd8 13. Nh4 Bg4 14. f3 Rxd4 15. Bd3 Bh5 16. Nf5 Qd7 17. Nxd4 Qxd4+ 18. Be3 Qxb2 19. Kh1 e5 20. Qd2 e4 21. Bxe4 Nbd7 22. Bd4 Nxe4 23. Rxe4 Qb5 24. Bxg7 Kxg7 25. Qxd7 Bg6 26. Re7 Qb2 27. Rae1 Qxc2 28. Qd4+ Kh6 29. g4 Qd3 30. Qf4+ Kg7 31. Qe5+ Kh6 32. g5+ Kh5 33. Qf4 Qf5 34. Qxf5 Bxf5 35. f4 Be6 36. Rxb7 Kg4 37. Rf1 Bc4 38. Rf2 Re8 39. Rb1 Re3 40. Rg1+ Kf5 41. Ra1 Bd5+ 42. Kg1 Bf3 43. Rc1 Kxf4 44. Rxf3+ Kxf3 45. Rf1+ Kg4 46. Rxf7 Rxa3 47. Rxh7 Kxg5 48. Rc7 Ra6 49. Kf2 Kf4 50. h4 Ra2+ 51. Ke1 Ke3 52. Kd1 Rh2 53. Rxc6 Rxh4 1/2-1/2

[Event "Bochum-ch"]
[Site "Bochum"]
[Date "1997.11.22"]
[Round "7"]
[White "Ebersbach, Hans Joachim"]
[Black "Domnik, Roland"]
[Result "0-1"]
[WhiteElo "1552"]
[BlackElo "1690"]
[PlyCount "42"]
[EventDate "1997.10.08"]
[EventType "swiss"]
[EventRounds "9"]
[EventCountry "GER"]
[SourceTitle "EXT 2006"]
[Source "ChessBase"]
[SourceDate "2005.11.24"]
[SourceVersion "1"]
[SourceVersionDate "2005.11.24"]
[SourceQuality "1"]

1. e4 b6 2. d4 e6 3. Nf3 Bb7 4. Bd3 Nf6 5. Bg5 Be7 6. Nbd2 d6 7. 0-0 Nbd7 8. c3 Rc8 9. Rc1 0-0 10. Re1 c5 11. e5 dxe5 12. dxe5 Nd5 13. Bxe7 Nxe7 14. Bxh7+ Kxh7 15. Ng5+ Kh6 16. Re3 Nf5 17. Rh3+ Kxg5 18. Qh5+ Kf4 19. Rh4+ Kxe5 20. Nc4+ Kf6 21. f4 g6 0-1

[Event "Bochum-ch"]
[Site "Bochum"]
[Date "1997.11.12"]
[Round "6"]
[White "Hoppe, Udo"]
[Black "Ebersbach, Hans Joachim"]
[Result "1-0"]
[WhiteElo "1926"]
[BlackElo "1552"]
[PlyCount "105"]
[EventDate "1997.10.08"]
[EventType "swiss"]
[EventRounds "9"]
[EventCountry "GER"]
[SourceTitle "EXT 2006"]
[Source "ChessBase"]
[SourceDate "2005.11.24"]
[SourceVersion "1"]
[SourceVersionDate "2005.11.24"]
[SourceQuality "1"]

1. c4 c5 2. g3 Nc6 3. Bg2 g6 4. Nf3 Bg7 5. Nc3 Nf6 6. 0-0 0-0 7. d4 cxd4 8. Nxd4 Nxd4 9. Qxd4 d6 10. Qd3 Rb8 11. Bd2 Bd7 12. Rac1 b6 13. b3 Qc8 14. Nd5 Re8 15. Bc3 Bh3 16. Nxf6+ exf6 17. Bxh3 Qxh3 18. Qf3 Qe6 19. e3 f5 20. Bxg7 Kxg7 21. Rfd1 Rbd8 22. Rd5 Qe4 23. Qf4 Re6 24. Rcd1 Qxf4 25. gxf4 Kf6 26. a4 Ke7 27. a5 bxa5 28. Rxa5 Rd7 29. Rda1 d5 30. Rxd5 Rxd5 31. cxd5 Rd6 32. Rxa7+ Kf6 33. Rb7 Rxd5 34. b4 Ke6 35. b5 Rd7 36. Rb8 Kd5 37. Kg2 Kc5 38. Kf3 Rd6 39. Rb7 Rb6 40. Rxf7 h5 41. e4 fxe4+ 42. Kxe4 Kxb5 43. Ke5 Kc4 44. Rf6 Rb2 45. Rxg6 Rxf2 46. f5 Rxh2 47. f6 Re2+ 48. Kd6 Rd2+ 49. Ke7 Re2+ 50. Kf8 Kd5 51. f7 Ke5 52. Kg8 Kf5 53. Rg7 1-0